[Event "C-Klasse 2009 (C68)"]
[Site "Berlin-Weißensee"]
[Date "2009.05.24"]
[Round "7.4"]
[White "Pixa, Richard"]
[Black "Gressmann, Moritz"]
[Result "1/2-1/2"]
[WhiteElo "1567"]
[BlackElo "1500"]
[PlyCount "74"]
[EventDate "2009.05.20"]

1. e4 e6 2. d4 d5 3. exd5 exd5 4. Bd3 Bd6 5. Nf3 Ne7 6. O-O Bf5 7. Re1 Bxd3 8.
Qxd3 O-O 9. Nbd2 c6 10. Nf1 Ng6 11. c3 Nd7 12. Ng3 Nf6 13. Qf5 h6 14. Bd2 Ne7
15. Qd3 Ng6 16. Nf5 Qc7 17. Nxd6 Qxd6 18. Ne5 Ne4 19. Nxg6 Qxg6 20. f3 Nxd2 21.
Qxd2 Rfe8 22. Re2 f6 23. Rae1 Kh7 24. Kf2 Kh8 25. a3 Qh5 26. Rxe8+ Rxe8 27.
Rxe8+ Qxe8 28. Qe3 Qxe3+ 29. Kxe3 g5 30. f4 Kg7 31. f5 h5 32. Kf3 Kh6 {(=)} 33.
a4 b5 34. a5 a6 35. b4 Kg7 36. h3 Kh6 37. g4 h4 1/2-1/2